Breaking Bad & Better Call Saul Characters Sudden Death - Statistics

General Stats
  • This quiz has been taken 408 times
  • The average score is 11 of 15
Answers on the Grid
Answers color-coded by a green-red scale on the quiz's grid according to % correct below.
Angel Batista
Betsy Kettleman
Callie Cargill
Carlos Sanchez
Gus Fring
Hank Schrader
Howard Hamlin
Hurley Reyes
Jack Shephard
James "Sawyer" Ford
Jane Margolis
Jesse Pinkman
Jim Longworth
Jimmy McGill
Joan Harris
John Locke
Kate Austin
Kim Wexler
Lydia Rodarte-Quayle
Megan Draper
Mike Ehrmantraut
Nacho Varga
Peggy Olson
Pete Campbell
Roger Sterling
Skyler White
Todd Alquist
Tuco Salamanca
Vince Masuka
Walter White
 
Answer Stats
Answer % Correct
Gus Fring
92%
Hank Schrader
87%
Jesse Pinkman
81%
Tuco Salamanca
81%
Walter White
81%
Mike Ehrmantraut
78%
Nacho Varga
77%
Skyler White
77%
Howard Hamlin
75%
Jimmy McGill
75%
Kim Wexler
71%
Jane Margolis
69%
Todd Alquist
68%
Lydia Rodarte-Quayle
67%
Betsy Kettleman
66%
No matching quizzes found
Score Distribution
Percent of People with Each Score
Percentile by Number Answered
Your Score History
You have not taken this quiz